00842nam a22001337a 4500008004100000020001900041050001500060100002700075245008100102260003000183300001800213505046200231650001500693171204s mx ||||| |||| 00| 0 spa d a9788497788999504aLC191 M938 aMoyano, Segundoeautor10aAcción educativa y funciones de los educadores socialesc / Segundo Moyano3 aBarcelonab : UOCc, 2012 a121 páginas aLa educación social como práctica educativa Educación y educación social El eterno problema: ubicar lo educativo en educación social La acción educativa en educación social Escenarios de la educación social Políticas educativas, políticas sociales y educación social El educador social como agente educativo Algunos hitos profesionalizadores o la construcción de una profesión Un documento para la historia de la educación social10aEDUCADORES